00423nam a2200109 a 45000010005000000030005000050050017000100080041000270400026000682450114000942600105002084360CDMR20130529103425.0130130s2003||||||||||||||||||||||||||||d aCDMRbcatcCPC GIRONA03aEl blanc i el negreb: un diàleg a fons sobre immigració, política i ciutadaniacAliou Diao... [et al.] aGironabGrups de Recerca i Actuació amb Minories Culturals i Treballadors Estrangers (GRAMC)c2003